Tafakur
| Main Author: | |
|---|---|
| Format: | Book |
| Published: |
Shah Alam :
Melindo Publications ,
1993
|
| Subjects: |
MARC
| LEADER | 00000cam a2200000 7i4500 | ||
|---|---|---|---|
| 001 | 0000003696 | ||
| 002 | 000003980 | ||
| 005 | 20000330.0 | ||
| 020 | |a 9839867008 | ||
| 090 | 0 | 0 | |a 297.5 |b ALI |
| 100 | 0 | |a Ali Haji Ahmad |f Haji | |
| 245 | 1 | 0 | |a Tafakur |c Haji Ali Haji Ahmad |
| 260 | |a Shah Alam : |b Melindo Publications , |c 1993 | ||
| 300 | |a 95p. ; |c 18cm. | ||
| 650 | 0 | 0 | |a Islamic moral theology |
| 999 | |a 037147 |b BUKU |c PINJAMAN |e PERPUSTAKAAN KOMUNITI PETALING JAYA | ||